书目信息 |
| 题名: |
几何光学和光学设计
|
|
| 作者: | 李晓彤 编著 | |
| 分册: | ||
| 出版信息: | 杭州 浙江大学出版社 1997.06 |
|
| 页数: | 252页 | |
| 开本: | 16开 | |
| 丛书名: | ||
| 单 册: | ||
| 中图分类: | O435 | |
| 科图分类: | ||
| 主题词: | 光学 | |
| 电子资源: | ||
| ISBN: | 7-308-01921-7 | |
| 000 | 00557nam0 2200193 45 | |
| 001 | 0010071053 | |
| 005 | 20001007103156.8 | |
| 010 | @a7-308-01921-7@d17.00元 | |
| 100 | @a20001007d1997 km y0chiy0120 ea | |
| 101 | 0 | @achi |
| 105 | @a z 000yy | |
| 200 | 1 | @a几何光学和光学设计@AJi He Guang Xue He Guang Xue She Ji@f李晓彤 编著@FLi Xiao Tong Bian Zhu |
| 210 | @a杭州@c浙江大学出版社@d1997.06 | |
| 215 | @a252页@d16开 | |
| 606 | 0 | @a光学 |
| 690 | @aO435@v3 | |
| 701 | 0 | @a李晓彤@4编著 |
| 801 | @aCN@bPftUser@c20001007 | |
| 905 | @b170094-103@dO435@eL850@f10 | |
| 几何光学和光学设计/李晓彤 编著.-杭州:浙江大学出版社,1997.06 |
| 252页;16开 |
| ISBN 7-308-01921-7:17.00元 |
| ● |
| 相关链接 |
|
|
|
正题名:几何光学和光学设计
索取号:O435/L850
 
预约/预借
| 序号 | 登录号 | 条形码 | 馆藏地/架位号 | 状态 | 备注 |
| 1 | 170094 | 201700944 | 自科库401/401自科库 58排2列1层/ [索取号:O435/L850] | 在馆 | |
| 2 | 170095 | 201700953 | 自科库401/401自科库 58排2列1层/ [索取号:O435/L850] | 在馆 | |
| 3 | 170096 | 201700962 | 自科库401/401自科库 58排2列1层/ [索取号:O435/L850] | 在馆 | |
| 4 | 170097 | 201700971 | 自科库401/401自科库 58排2列1层/ [索取号:O435/L850] | 在馆 | |
| 5 | 170098 | 201700980 | 自科库401/401自科库 58排2列1层/ [索取号:O435/L850] | 在馆 | |
| 6 | 170099 | 201700999 | 自科库401/401自科库 58排2列1层/ [索取号:O435/L850] | 在馆 | |
| 7 | 170100 | 201701006 | 自科库401/401自科库 58排2列1层/ [索取号:O435/L850] | 在馆 | |
| 8 | 170101 | 201701015 | 自科库401/401自科库 58排2列1层/ [索取号:O435/L850] | 在馆 | |
| 9 | 170102 | 201701024 | 自科库401/401自科库 58排2列1层/ [索取号:O435/L850] | 在馆 | |
| 10 | 170103 | 201701033 | 自科库401/401自科库 58排2列1层/ [索取号:O435/L850] | 在馆 |